Elementary linear algebra /

Gespeichert in:
Bibliographische Detailangaben
1. Verfasser: Howard, Anton (Verfasst von)
Format: Buch
Sprache:Englisch
Veröffentlicht: New York : John Wiley & Sons, 1987
Ausgabe:5.ed.
Tags: Tag hinzufügen
Keine Tags, Fügen Sie das erste Tag hinzu!

MARC

LEADER 00000nam a22000003a 4500
001 stu348
005 20190206124402.9
008 910517s1987----xxu-----------------eng-d
040 |a STU  |b slo 
041 0 |a eng 
044 |a xxu 
080 |a 512.64 
100 1 |a Howard, Anton  |4 aut 
245 1 |a Elementary linear algebra /  |c [aut.] Howard,Anton 
250 |a 5.ed. 
260 |a New York :  |b John Wiley & Sons,  |c 1987 
300 |a 475 s 
996 |b E74536  |c E*74536  |l EE03  |s P  |a 0  |w stu348_0001